Jövőképet a régióknak pénteken és szombaton az MKP vezető képviselőivel találkozhattak az Ung-vidék és Bodrogköz polgárai

Bibliographic Details
Main Author: Leczo, Zoltán, 1972- (Author)
Format: Article
Language:Hungarian
Subjects:

MARC

LEADER 00000nab a2200000 a 4500
001 vtls000854471
003 SK-MaSNL
005 20260318133135.0
008 160405c2003 xo 0 hun
015 |a SNBRB2003/11-34386 
035 |a CLN000206126 
040 |a SNKBUCL  |b slo  |c SNKBUCL  |e AACR2 
041 0 |a hun 
044 |a xo  |c SK 
080 |a 329.4(437.6)(=511.141)SMK:061.3  |2 1997 
100 1 |a Leczo, Zoltán,  |d 1972-  |4 aut  |9 846881 
245 1 0 |a Jövőképet a régióknak  |b pénteken és szombaton az MKP vezető képviselőivel találkozhattak az Ung-vidék és Bodrogköz polgárai  |c Leczo Zoltán 
610 2 7 |a Strana maďarskej koalície - Magyar Koalíció Pártja  |2 snkbucl  |9 229268 
648 7 |a 4.-5.10.2003  |2 SNK  |9 1203054 
648 7 |a 2003  |2 SNK  |9 301018 
651 7 |a 807  |2 snkbucl  |9 388718 
651 7 |a 811  |2 snkbucl  |9 462276 
651 7 |a Michaovce (Slovensko : okres)  |2 SNKPHgeo  |9 1203055 
655 7 |a články z novín a časopisov  |2 snkbucl  |9 267496 
773 0 |t Új szó  |g Roč. 56, č. 229 (6.10.2003), s. 3 
850 |a Slovenská národná knižnica v Martine 
852 |a SNK  |b KIS3GCP 
958 |a HU 
958 |a SK 
958 |a RBX 
999 |c 2099621  |d 2101551